| 000 | 00948nac a22002897a 4500 | ||
|---|---|---|---|
| 001 | BR8206851 | ||
| 003 | BR-BrBNA | ||
| 005 | 20240105115551.0 | ||
| 008 | 230509b bl.|||m| |||| 00| 0 por d | ||
| 040 |
_aBR-BrBNA _bpor _cBiblioteca Nacional de Agricultura |
||
| 072 | _aP40 | ||
| 090 | _aP40 BR8206851 | ||
| 100 | 1 | _aSilva, M.F.F. da | |
| 100 | 1 | _aLobo, M. da G.A. | |
| 110 | 1 |
_aInstituto Nacional de Pesquisas da Amazonia, Belem, PA (Brasil) _96494 |
|
| 245 | 1 | _aNotas sobre deposicao de materia organica em floresta de terra firme, varzea e igapo | |
| 260 | 3 |
_aBelem, PA (Brasil): _c1982. |
|
| 300 | _a13 p. | ||
| 490 |
_aBoletim do Museu Paraense Emilio Goeldi. Nova Serie. Botanica (Brazil) _vno. 56 _xISSN 0077-2216 |
||
| 500 | _aSummary (Pt); 9 ref. | ||
| 650 | _aCHUVA | ||
| 650 | _aMATERIA ORGANICA | ||
| 650 | _aFLORESTA | ||
| 650 | _aVARZEA | ||
| 909 |
_a202312 _bLúcia Elande _c55 _dLúcia Elande |
||
| 942 |
_2AGRIS _n0 _cMS |
||
| 999 |
_c275355 _d275355 |
||